Department of physics : a journey to the 21st century /

Dades bibliogràfiques
Altres autors: Talukder, Aminul Islam
Format: Llibre
Idioma:English
Publicat: Dhaka : Department of Physics, University of Dhaka, c2022.
Col·lecció:Contennial book series
Matèries:
Classic Catalogue: View this record in Classic Catalogue
LEADER 01158nam a22002657a 4500
001 44325
003 BD-DhAAL
005 20250422105706.0
008 250422t2022 bg a|||| b||| 00| 0 eng d
020 |a 9789843526243 
040 |a BD-DhAAL  |c BD-DhAAL 
082 |a 530  |2 23 
245 |a Department of physics :  |b a journey to the 21st century /  |c edited by Aminul Islam Talukder. 
260 |a Dhaka :  |b Department of Physics, University of Dhaka,  |c c2022. 
300 |a i, 410 pages :  |b illustrations ;  |c 22 cm 
490 |a Contennial book series. 
541 |a Donated by Professor Syed Mahfuzul Aziz (Former Pro Vice-Chancellor)  |e 44325 
650 |a Physics. 
650 |a Aesthetics. 
700 |a Talukder, Aminul Islam.  |9 58077 
830 |a Contennial book series  |9 58081 
852 |a Ayesha Abed Library  |c General Stacks 
942 |2 ddc  |c BK 
999 |c 47272  |d 47272 
952 |0 0  |1 0  |2 ddc  |4 0  |6 530_000000000000000_DEP  |7 0  |9 77605  |a BRACUL  |b BRACUL  |c GEN  |d 2025-04-22  |e Donated by Professor Syed Mahfuzul Aziz (Former Pro Vice-Chancellor)  |g 500.00  |l 0  |o 530 DEP  |p 3010044325  |r 2025-04-22  |t 1  |w 2025-04-22  |y BK  |x Donated by Professor Syed Mahfuzul Aziz (Former Pro Vice-Chancellor)